Cities homing in on quality street (Record no. 72333)
[ view plain ]
| 000 -LEADER | |
|---|---|
| fixed length control field | 01240cam a2200241 4500 |
| 001 - CONTROL NUMBER | |
| control field | ABS66524 |
| 008 - FIXED-LENGTH DATA ELEMENTS--GENERAL INFORMATION | |
| fixed length control field | 030324n2003 000 0 eng u |
| 035 ## - SYSTEM CONTROL NUMBER | |
| System control number | (Sirsi) u121711 |
| 100 ## - MAIN ENTRY--PERSONAL NAME | |
| Personal name | Walker, B. |
| 245 ## - TITLE STATEMENT | |
| Title | Cities homing in on quality street |
| 260 ## - PUBLICATION, DISTRIBUTION, ETC. | |
| Date of publication, distribution, etc. | 2003 |
| 490 ## - SERIES STATEMENT | |
| Series statement | Regeneration and Renewal |
| Volume/sequential designation | 7 March 2003, 20-21(2) |
| 520 ## - SUMMARY, ETC. | |
| Summary, etc. | High density housing on brownfield land is government's answer to the housing crisis in London and southeast England, although many people still favour country homes. Article looks at different high density housing solutions, such as mixed tenure housing, and shows how good design can create successful urban communities. Examines two high density housing developments: Millennium Plus at the Nightingale Clapton, London E5, and Ravenswood southeast Ipswich, Suffolk. The Millenium Plus scheme replaced tower blocks with a mix of three-to-six-storey social and open market housing while the Ravenswood project is an urban village on a disused airfield. |
| 590 ## - LOCAL NOTE (RLIN) | |
| Local note | ABS |
| 650 ## - SUBJECT ADDED ENTRY--TOPICAL TERM | |
| Topical term or geographic name entry element | HIGH DENSITY HOUSING |
| 650 ## - SUBJECT ADDED ENTRY--TOPICAL TERM | |
| Topical term or geographic name entry element | SOUTHEAST ENGLAND |
| 650 ## - SUBJECT ADDED ENTRY--TOPICAL TERM | |
| Topical term or geographic name entry element | MIXED TENURE |
| 650 ## - SUBJECT ADDED ENTRY--TOPICAL TERM | |
| Topical term or geographic name entry element | LONDON |
| 650 ## - SUBJECT ADDED ENTRY--TOPICAL TERM | |
| Topical term or geographic name entry element | HOUSING DESIGN |
| 650 ## - SUBJECT ADDED ENTRY--TOPICAL TERM | |
| Topical term or geographic name entry element | URBAN LIVING |
| 690 ## - LOCAL SUBJECT ADDED ENTRY--TOPICAL TERM (OCLC, RLIN) | |
| Topical term or geographic name as entry element | HOUSING |
| 942 ## - ADDED ENTRY ELEMENTS (KOHA) | |
| Suppress in OPAC | 0 |
| Withdrawn status | Lost status | Source of classification or shelving scheme | Damaged status | Not for loan | Home library | Current library | Shelving location | Date acquired | Total Checkouts | Full call number | Barcode | Date last seen | Copy number | Price effective from | Koha item type |
|---|---|---|---|---|---|---|---|---|---|---|---|---|---|---|---|
| Dewey Decimal Classification | London | London | Journal article | 24/03/2003 | ABS66524 | 121711-1001 | 06/08/2019 | 1 | 06/08/2019 | Journal article |